| 000 | 00414cam a2200169ua 4500 | ||
|---|---|---|---|
| 020 | _c14.75 | ||
| 041 |
_aeng _h |
||
| 082 |
_a512.94 _bUSP/TH |
||
| 100 | _aUspensky, J.V . | ||
| 245 |
_aTheory of equations / _cJ.V.Uspensky. _hTextual Documents |
||
| 260 |
_aNew York : _bMcGraw Hill Book Company , _c1948. |
||
| 300 | _a353 ; . | ||
| 365 | _a14.75 | ||
| 504 | _a | ||
| 942 | _cBK | ||
| 999 |
_c9400 _d9400 |
||